00929nam a2200253Ia 4500003000400000005001700004008004100021020001800062040001800080041000800098082002500106100002500131245004300156250001200199260006600211300002900277650001700306651004400323651004400367651004400411942003400455999001900489952016700508OSt20230726110433.0210716s2013 xx 000 0 und d a9780070435063 cAIMIT LIBRARY aeng a343.540999 21bSOOV aSood, Vivek.9128393 aCyber law simplified /cBy Vivek Sood. a1st ed. aNew Delhi :bTata McGraw Hill Publishing Company Ltd ,c2013. axxv,598p. ;bPBc23.3 cm aNone9128394 aContracts in the infotech world9128395 aContracts in the infotech world9128395 aJurisdiction in the cyber world9128396 2ddccBKe1stk34.0540999 SOOV c211016d211016 00102ddc40708MBAaAIMITbAIMITd2021-07-16g949.00iBill no:614; Bill dt:1900-01-00l0o343.540999 SOOVpMBA13584r2026-05-23 00:00:00v949.00w2021-07-16yBK